Kvalita vody. STN P 75 7032. ENV ISO 13530 : Príručka riadenia analytickej kvality pri analýzach vody. August 2001

Saved in:
Bibliographic Details
Format: Book
Language:Slovak
Published: Bratislava : Slovenský ústav technickej normalizácie, 2001
Subjects:
Tags: Add Tag
No Tags, Be the first to tag this record!

MARC

LEADER 00000nam a22000003a 4500
001 stu196109
005 20150408163705.5
008 091119s2001----xo------------------slo-d
040 |a STU  |b slo 
041 0 |a slo 
044 |a xo 
245 |a Kvalita vody. STN P 75 7032. ENV ISO 13530 :  |b Príručka riadenia analytickej kvality pri analýzach vody. August 2001 
260 |a Bratislava :  |b Slovenský ústav technickej normalizácie,  |c 2001 
300 |a 72 s 
650 7 |a kvalita vody  |2 stusub 
996 |b 284M071685  |c M*N-1363  |l MMKN  |s A  |a 24  |w stu196109_0001